000 00851nam a22002657a 4500
001 00052784531
003 DO-SdBNP
005 20240319111028.0
007 00052784531
008 161205b2003 sp a |||| 00| 0 spa d
020 _a8467202874
040 _aBPMSU
_bspa
_cBPMSU
082 4 _a823.8
_bB659c 2003
_222
100 1 _aBlyton, Enid,
_d1897-1968
245 1 0 _aCuentos para irse a la cama /
_cEnid Blyton ; ilustraciones, Guy Parker-Rees ... [et al.]
260 _aBarcelona :
_bCĂ­rculo de Lectores,
_c2003.
300 _a473 p. :
_bil. ;
_c22 cm.
590 _aInventariado, 2024/VM
650 4 _aCuentos infantiles ingleses
_vColecciones
650 4 _aCuentos de hadas infantiles
650 4 _aAnimales
_vcuentos
700 1 _aParker-Rees, Guy,
_eil.
910 _aLOPEREZ/ VMateo V. Control de calidad. BPMSU
942 _2ddc
_cBK
999 _c12340
_d12340